| 000 | 00569nam a2200169Ia 4500 | ||
|---|---|---|---|
| 008 | 220216s9999 xx 000 0 und d | ||
| 100 | _aGeorge K M | ||
| 245 | 0 | _aPreparation and storage behaviour of low protein NR latex by papain treatment and production of low protein gloves | |
| 260 | _bProceedings of the Asia Rub Tech Expo, 23-25 November 2006, Indian Rubber Institute, Kochi. pp.103. | ||
| 650 | _aLow protein gloves | ||
| 650 | _aNR latex | ||
| 700 | _aJoseph S | ||
| 700 | _aMathew N M | ||
| 700 | _aRajammal G | ||
| 700 | _aVarghese T C | ||
| 942 | _cJS | ||
| 999 |
_c65575 _d65575 |
||